Score 0/20 Timer 04:00
4 Plays Today
Question Answer Wrong Answers
Algiers Algeria
92.8%
Andorra
1.1%
Angola
1.8%
Zambia
1.1%
Acapulco Mexico
87.8%
Guatemala
3.9%
Cuba
2.1%
Colombia
2.9%
Abu Dhabi United Arab Emirates
87.5%
Saudi Arabia
7.5%
Kuwait
1.4%
Iran
0.5%
Avignon France
87%
Switzerland
4.1%
Andorra
2.8%
Belgium
2.7%
Aleppo Syria
84.7%
Egypt
2.8%
Iraq
3.3%
Jordan
5.9%
Adelaide Australia
82.9%
New Zealand
10.4%
Papua New Guinea
1.9%
Fiji
1.6%
Antwerp Belgium
82%
Netherlands
10.8%
France
0.9%
Austria
3.1%
Ann Arbor United States
74.2%
United Kingdom
3.1%
Ireland
8%
Canada
11.6%
Antalya Turkey
72.6%
Greece
9.1%
Syria
5.6%
Lebanon
8.9%
Accra Ghana
72.2%
Côte d'Ivoire
8.5%
Togo
4.3%
Niger
11.4%
Aden Yemen
69%
Israel
11.8%
United Arab Emirates
6.1%
Armenia
9.4%
Agra India
64%
Saudi Arabia
8.9%
Ethiopia
13.3%
Bangladesh
10.4%
Aba Nigeria
61.6%
Norway
9.7%
New Zealand
5.2%
Nepal
19.7%
Apeldoorn Netherlands
60.7%
Belgium
9.6%
Switzerland
13.2%
Denmark
12.6%
Aarhus Denmark
56.9%
Sweden
13.7%
Norway
15.5%
Iceland
10.1%
Almaty Kazakhstan
54.5%
Uzbekistan
14.8%
Tajikistan
11.9%
Kyrgyzstan
14.9%
Ashgabat Turkmenistan
52.1%
Tajikistan
24.2%
Iran
8.1%
Afghanistan
12.1%
Arkhangelsk Russia
51.6%
United States
1.1%
Mongolia
18%
Belarus
25.5%
Arequipa Peru
43.5%
Mexico
15.5%
Nicaragua
25.1%
Argentina
12.1%
Antofagasta Chile
36.2%
Argentina
18.4%
Peru
11.1%
Uruguay
30.4%
Remove Ads.
Support Sporcle.
Get the best of Sporcle when you Go Orange. This ad-free experience offers more features, more stats, and more fun while also helping to support Sporcle. Thank you for becoming a member.

You're not logged in!

Compare scores with friends on all Sporcle quizzes.
OR
Log In

Show Comments

Extras

Top Quizzes Today


Score Distribution

Your Account Isn't Verified!

In order to create a playlist on Sporcle, you need to verify the email address you used during registration. Go to your Sporcle Settings to finish the process.

Report this User

Report this user for behavior that violates our Community Guidelines.

Details: